Public Policy and Creative Economy: Building Innovation Ecosystems for Human-Centered Development

V kontexte prechodu na ekonomiku založenú na inováciách sa kreatívne odvetvia stávajú kľúčovým zdrojom udržateľného rastu a rozvoja ľudského kapitálu. Cieľom tejto štúdie je identifikovať úlohu štátu pri formovaní a podpore kreatívnych ekosystémov. Metodologický rámec zahŕňa systémovú, inštitucionál...

Ausführliche Beschreibung

Gespeichert in:
Bibliographische Detailangaben
1. Verfasser: Khassenova, Nurbanu
Weitere Verfasser: Kašťáková, Elena, 1974-
Format: Buchkapitel
Sprache:Englisch
Schlagworte:
Tags: Tag hinzufügen
Keine Tags, Fügen Sie das erste Tag hinzu!

MARC

LEADER 00000naa a2200000 4500
001 0314514
005 20260126083229.7
041 0 |a eng 
044 |a SK 
245 1 0 |a Public Policy and Creative Economy: Building Innovation Ecosystems for Human-Centered Development  |c Nurbanu Khassenova, Elena Kašťáková 
520 |a V kontexte prechodu na ekonomiku založenú na inováciách sa kreatívne odvetvia stávajú kľúčovým zdrojom udržateľného rastu a rozvoja ľudského kapitálu. Cieľom tejto štúdie je identifikovať úlohu štátu pri formovaní a podpore kreatívnych ekosystémov. Metodologický rámec zahŕňa systémovú, inštitucionálnu a porovnávaciu analýzu, ako aj syntézu odborných názorov. Výsledky odhaľujú hlavné smery štátnej regulácie, ktoré podporujú rozvoj kreatívnej ekonomiky: podpora vzdelávania a výskumu a vývoja, ochrana duševného vlastníctva a podpora inovácií. Zdôrazňuje sa úloha kreatívneho vzdelávania ako prvku národného inovačného systému. Štúdia dospela k záveru, že integrovaná verejná politika je nevyhnutná pre začlenenie kreatívnych ekosystémov do socioekonomickej štruktúry krajiny a zabezpečenie udržateľného inovačného rastu. 
610 2 0 |a ekonomika kreatívna 
610 2 0 |a politika inovačná 
610 2 0 |a regulácia štátna 
610 2 0 |a vlastníctvo duševné 
610 2 0 |a politika verejná 
100 1 |a Khassenova, Nurbanu 
700 1 |a Kašťáková, Elena, 1974-